Statistics for PBS Kids Cartoons

Click here to take the quiz!

General Stats

  • This quiz has been taken 887 times
    (612 since last reset)
  • The average score is 9 of 20

Answer Stats

HintAnswer% Correct
An animated cartoon about a brown, curious monkeyCurious George
86%
An animated cartoon about a word-loving girl and her pet monkeyWordgirl
70%
An animated show about two brothers who know a lot about creaturesWild Kratts
64%
An animated show about a kid who knows a lot about scienceSid the Science Kid
59%
An animated cartoon about an adventure-loving dinosaur familyDinosaur Train
57%
An animated cartoon about a construction foreman and his talking vehiclesBob the Builder
56%
An animated cartoon about a boy who lives in a town called Elwood CityArthur
56%
An animated cartoon about a world made of wordsWordworld
54%
An animated cartoon about a dog who loves new wordsMartha Speaks
54%
An animated cartoon about a group of famous storybook friends who change the endings of booksSuper Why!
50%
An animated cartoon about a talking train on the Island of SodorThomas & Friends
49%
An animated spin off of Mr. Roger's NeighborhoodDaniel Tiger's Neighborhood
48%
An animated cartoon about three kids who have to protect CyberspaceCyberchase
45%
A live action cartoon about an agency run by kids who's names all start with 'O'Odd Squad
42%
An animated cartoon about a cat who likes to explore nature with his friends who are a dog, a rabbit, and a mouseNature Cat
35%
The only cartoon currently on PBS Kids that is an hour longSesame Street
34%
An animated show about a girl and her catPeg + Cat
30%
An animated cartoon about a black and white cat who loves to go on adventuresThe Cat in the Hat Knows a Lot About That
25%
An animated cartoon about a boy who has adventures with his family and always uses his imaginationCaillou
22%
An animated cartoon about a boy with a orange pet rabbit creatureReady Jet Go!
13%

Score Distribution

Percentile by Number Answered

Percent of People with Each Score

Your Score History

You have not taken this quiz since the last reset